Countries With Highest Divorce Rate - Statistics

General Stats
  • This quiz has been taken 260 times
  • The average score is 8 of 10
Answer Stats
Answer % Correct
United States
99%
United Kingdom
93%
France
90%
Germany
89%
Canada
88%
Spain
86%
Russia
80%
Australia
79%
New Zealand
63%
Luxembourg
19%
No matching quizzes found
Score Distribution
Percent of People with Each Score
Percentile by Number Answered
Your Score History
You have not taken this quiz